000 00643nam a2200181 i 4500
001 92226
003 ES-MaACL
005 20250828080357.0
007 t|
008 050223s1972 sp ||||1| spa d
111 2 _aSemana de Ciencias de la Educación (
_n1ª.
_d1972.
_cMadrid)
_9986
245 1 3 _aEl libro y la lectura en la educación /
_cPrimera Semana de Ciencias de la Educación.
260 _aMadrid :
_b[Instituto Calasanz de Ciencias de la Educación],
_c1972.
300 _a250 p. ;
_c21 cm.
710 2 _aInstituto Calasanz de Ciencias de la Educación
_94804
852 _aES-MaACL
_jC-47983
_bR.84044
999 _c92226
_d92226